Mapping Cyberspace /

Na minha lista:
Detalhes bibliográficos
Autor principal: Dodge, Martin (autor)
Outros Autores: Kitchin, Rob (autor) (autor)
Formato: Livro
Idioma:inglês
Publicado em: Londres, Inglaterra : Routledge, 2001, c2001
Assuntos:
Tags: Adicionar Tag
Sem tags, seja o primeiro a adicionar uma tag!

MARC

LEADER 00000nam^a2200000^a^4500
001 000117001
005 20250521000000.0
009 20260310094150.661
020 |a 0-415-19884-4 
037 |a Acervo ITESO - Biblioteca 
041 |a ING 
082 |a 302. 23701  |b DOD 
100 |a Dodge, Martin  |e (autor) 
245 1 0 |a Mapping Cyberspace /  |c M. Dodge, R. Kitchin. 
264 4 |a Londres, Inglaterra :  |b Routledge,  |c 2001, c2001 
300 |a X, 260 p. 
336 |a texto  |b txt  |2 rdacontenido 
337 |a sin mediación  |b n  |2 rdamedio 
338 |a volumen  |b nc  |2 rdasoporte 
649 |a XX 
650 |a Internet -  |x Aspectos Sociales y Culturales 
650 |a Tecnología y Sociedad 
650 |a Desarrollo Tecnológico 
650 |a Tecnologías de Comunicación e Información 
650 |a Telecomunicaciones 
650 |a Ingeniería Computacional 
650 |a Sociología de la Cultura 
650 |a Sociología de la Comunicación 
700 |a Kitchin, Rob  |e (autor) 
910 |a Fondo General 
920 |a Impresos - Libros 
930 |a Colección General 
905 |a 101 
901 |a 0500052387  |b IT1  |c ACC  |u 20250521 
902 |a https://opac.biblio.iteso.mx/vufind/Record/000117001